पुराण गाथा : (Record no. 114869)

MARC details
000 -LEADER
fixed length control field 01183nam a22002777a 4500
003 - CONTROL NUMBER IDENTIFIER
control field dpl
005 - DATE AND TIME OF LATEST TRANSACTION
control field 20180718124617.0
008 - FIXED-LENGTH DATA ELEMENTS--GENERAL INFORMATION
fixed length control field 180718b xxu||||| |||| 00| 0 eng d
010 ## - LIBRARY OF CONGRESS CONTROL NUMBER
LC control number B-072519
020 ## - INTERNATIONAL STANDARD BOOK NUMBER
Terms of availability 90.00
International Standard Book Number 8188123048
035 ## - SYSTEM CONTROL NUMBER
System control number B-072519, B-072523
037 ## - SOURCE OF ACQUISITION
Source of stock number/acquisition Cen Lib/Ret
040 ## - CATALOGING SOURCE
Original cataloging agency DPL
Language of cataloging HN
Transcribing agency 0
082 ## - DEWEY DECIMAL CLASSIFICATION NUMBER
Classification number
Item number वशिष्ठ
100 ## - MAIN ENTRY--PERSONAL NAME
Personal name वशिष्ठ, सुदर्शन
9 (RLIN) 58747
245 ## - TITLE STATEMENT
Title पुराण गाथा :
Statement of responsibility, etc सुदर्शन वशिष्ठ
Remainder of title हिमालय के संदर्भ में /
246 ## - VARYING FORM OF TITLE
Title proper/short title Puraan gaatha : himalaya ke sandarbh me /
Remainder of title by Sudarshan Vashishth
260 ## - PUBLICATION, DISTRIBUTION, ETC. (IMPRINT)
Place of publication, distribution, etc नई दिल्ली
Name of publisher, distributor, etc हिमाचल पुस्तक भंडार
Date of publication, distribution, etc 2002
270 ## - ADDRESS
City नई दिल्ली
Address 24, अंसारी रोड, दरियागंज
Postal code 110002
300 ## - PHYSICAL DESCRIPTION
Extent 104पृ.
Dimensions 21सेमी (सजिल्द)
650 ## - SUBJECT ADDED ENTRY--TOPICAL TERM
Topical term or geographic name as entry element हिन्दी -- साहित्य
9 (RLIN) 58748
650 ## - SUBJECT ADDED ENTRY--TOPICAL TERM
Topical term or geographic name as entry element हिन्दी -- कहानी
9 (RLIN) 779
650 ## - SUBJECT ADDED ENTRY--TOPICAL TERM
Topical term or geographic name as entry element Hindi -- Literature
9 (RLIN) 58749
650 ## - SUBJECT ADDED ENTRY--TOPICAL TERM
Topical term or geographic name as entry element Hindi -- Story
9 (RLIN) 43117
942 ## - ADDED ENTRY ELEMENTS (KOHA)
Source of classification or shelving scheme Dewey Decimal Classification
Koha item type Hindi Books
Classification part
Call number suffix वशिष्ठ
Holdings
Withdrawn status Lost status Damaged status Not for loan Home library Current library Date acquired Source of acquisition Cost, normal purchase price Total Checkouts Full call number Barcode Date last seen Date checked out Copy number Cost, replacement price Price effective from Koha item type Source of classification or shelving scheme Collection code
        Central Library Central Library 18/08/2015 Cen Lib/Ret 90.00 1 क वशिष्ठ B-072519 16/12/2017 12/12/2017 1 90.00 18/08/2015 Hindi Books    
        Patel Nagar Patel Nagar 27/09/2018 BPPD/PUB 90.00   क वशिष्ठ B-072520 27/09/2018     90.00 27/09/2018 Hindi Books Dewey Decimal Classification Fiction
        Shahdara Branch Shahdara Branch 18/07/2018 BPPD/PUB 90.00   क वशिष्ठ B-072523 18/07/2018     90.00 18/07/2018 Hindi Books Dewey Decimal Classification Fiction

© Delhi Public Library
Hit Counter
free hit counter